<?xml version="1.0" encoding="UTF-8"?>
<record
    xmlns:xsi="http://www.w3.org/2001/XMLSchema-instance"
    xsi:schemaLocation="http://www.loc.gov/MARC21/slim http://www.loc.gov/standards/marcxml/schema/MARC21slim.xsd"
    xmlns="http://www.loc.gov/MARC21/slim">

  <leader>00879nam a2200229 i 4500</leader>
  <controlfield tag="001">170966</controlfield>
  <controlfield tag="003">ES-MaACL</controlfield>
  <controlfield tag="005">20230906214516.0</controlfield>
  <controlfield tag="008">090420s1986    be           |||| | fre d</controlfield>
  <datafield tag="080" ind1=" " ind2=" ">
    <subfield code="a">7.033:069(493.4)</subfield>
  </datafield>
  <datafield tag="245" ind1="0" ind2="0">
    <subfield code="a">Mus&#xE9;es royaux des Beaux-Arts de Belgique </subfield>
    <subfield code="b">: Mus&#xE9;e d'art ancien.</subfield>
  </datafield>
  <datafield tag="246" ind1="1" ind2="1">
    <subfield code="a">Koninklijke Musea voor schone kunsten van Belgi&#xEB; </subfield>
    <subfield code="b">: Museum voor oude kunst</subfield>
  </datafield>
  <datafield tag="250" ind1=" " ind2=" ">
    <subfield code="a">10th ed.</subfield>
  </datafield>
  <datafield tag="260" ind1=" " ind2=" ">
    <subfield code="a">[Bruxelles] : </subfield>
    <subfield code="b">Royal Museums of Fine Arts, </subfield>
    <subfield code="c">1986.</subfield>
  </datafield>
  <datafield tag="300" ind1=" " ind2=" ">
    <subfield code="a">[218] p. : </subfield>
    <subfield code="b">il. col. y n. ; </subfield>
    <subfield code="c">19 cm.</subfield>
  </datafield>
  <datafield tag="500" ind1=" " ind2=" ">
    <subfield code="a">&#xCD;ndice.</subfield>
  </datafield>
  <datafield tag="500" ind1=" " ind2=" ">
    <subfield code="a">En lomo: I.</subfield>
  </datafield>
  <datafield tag="594" ind1=" " ind2=" ">
    <subfield code="a">T&#xED;t. del lomo: Musea van Belgie : Brussel = Mus&#xE9;es de Belgique : Bruxelles.</subfield>
  </datafield>
  <datafield tag="610" ind1="2" ind2="4">
    <subfield code="a">Mus&#xE9;e d'art ancien (B&#xE9;lgica)</subfield>
    <subfield code="9">139852</subfield>
  </datafield>
  <datafield tag="710" ind1="0" ind2=" ">
    <subfield code="a">Mus&#xE9;es royaux des beaux-arts de Belgique.</subfield>
    <subfield code="9">5819</subfield>
  </datafield>
  <datafield tag="852" ind1="4" ind2=" ">
    <subfield code="a">ES-MaACL</subfield>
    <subfield code="j">E-12584 </subfield>
    <subfield code="z">. - Biblioteca Jacinto Mart&#xED;nez Lacalle</subfield>
  </datafield>
  <datafield tag="999" ind1=" " ind2=" ">
    <subfield code="c">170966</subfield>
    <subfield code="d">170966</subfield>
  </datafield>
  <datafield tag="952" ind1=" " ind2=" ">
    <subfield code="0">0</subfield>
    <subfield code="1">0</subfield>
    <subfield code="4">0</subfield>
    <subfield code="7">0</subfield>
    <subfield code="a">ATENEOM</subfield>
    <subfield code="b">ATENEOM</subfield>
    <subfield code="c">DEPO2</subfield>
    <subfield code="d">2009-04-20</subfield>
    <subfield code="e">DON</subfield>
    <subfield code="l">0</subfield>
    <subfield code="o">E-12584</subfield>
    <subfield code="p">1179430</subfield>
    <subfield code="r">2023-02-23 00:00:00</subfield>
    <subfield code="w">2023-02-23</subfield>
    <subfield code="y">MONOGRAFIA</subfield>
  </datafield>
</record>
